000 00694nam a22002057a 4500
999 _c11729
_d11729
003 AR-CdUCM
008 190404b ||||| |||| 00| 0 spa d
040 _aMUNICIPALIDAD PROVINCIAL DEL CUSCO
_cBIBLIOTECA MUNICIPAL DEL CUSCO
082 _aES / 633.1 /
_bP48
100 _aPetersham, Maud
_929222
245 _aEl Libro del trigo :
_bNarracion para niƱos /
260 _aBarcelona :
_bJuventud,
300 _a16 paginas ;
_bilustraciones, graficos, dibujos,
_c20 cm.
500 _aRelacionado acerca del trigo plantacion cultivo cosecha entre otros
650 _aCultivo
_919546
650 _aCosecha
_921349
650 _aTrigo
_94710
942 _2ddc
_cLIBROS
945 _apjha
_d2019-04-04